000 00437nam a2200193Ia 4500
005 20240823035536.0
008 240823s9999||||xx |||||||||||||| ||und||
020 _a978-0-14310-138-3
041 _aENGLISH
082 _A813.6 P7
100 _aIndu Sundaresan
245 4 _aThe Splendor of Silence
250 _a1st
260 _c2007
_bA Penguin
500 _aYES
650 _aNovel
_bEnglish
942 _cBK
999 _c200936
_d200936